Inizia il viaggio della Margherita
| Main Author: | |
|---|---|
| Format: | Print Article |
| Language: | Italian |
| Check availability: | HBZ Gateway |
| Interlibrary Loan: | Interlibrary Loan for the Fachinformationsdienste (Specialized Information Services in Germany) |
| Published: |
2001
|
| In: |
La civiltà cattolica
Year: 2001, Volume: 152, Issue: 3631, Pages: 71-78 |
| Standardized Subjects / Keyword chains: | B
Southern Italy (motif)
/ Party (law)
/ Founding
/ Geschichte 2001
B Margherita (Corporations) |
| RelBib Classification: | TK Recent history |
MARC
| LEADER | 00000caa a22000002c 4500 | ||
|---|---|---|---|
| 001 | 1640669388 | ||
| 003 | DE-627 | ||
| 005 | 20220616111735.0 | ||
| 007 | tu | ||
| 008 | 160405s2001 xx ||||| 00| ||ita c | ||
| 035 | |a (DE-627)1640669388 | ||
| 035 | |a (DE-576)465078745 | ||
| 035 | |a (DE-599)BSZ465078745 | ||
| 040 | |a DE-627 |b ger |c DE-627 |e rakwb | ||
| 041 | |a ita | ||
| 084 | |a 1 |2 ssgn | ||
| 100 | 1 | |0 (DE-588)1022570994 |0 (DE-627)717001911 |0 (DE-576)171493230 |4 aut |a Simone, Michele |d 1943-2013 | |
| 109 | |a Simone, Michele 1943-2013 | ||
| 245 | 1 | 0 | |a Inizia il viaggio della Margherita |
| 264 | 1 | |c 2001 | |
| 336 | |a Text |b txt |2 rdacontent | ||
| 337 | |a ohne Hilfsmittel zu benutzen |b n |2 rdamedia | ||
| 338 | |a Band |b nc |2 rdacarrier | ||
| 652 | |a TK | ||
| 689 | 0 | 0 | |d g |0 (DE-588)4027833-5 |0 (DE-627)106283235 |0 (DE-576)208972501 |2 gnd |a Italien |
| 689 | 0 | 1 | |d s |0 (DE-588)4044737-6 |0 (DE-627)106204432 |0 (DE-576)209062169 |2 gnd |a Partei |
| 689 | 0 | 2 | |d s |0 (DE-588)4020642-7 |0 (DE-627)106317261 |0 (DE-576)208934243 |2 gnd |a Gründung |
| 689 | 0 | 3 | |q z |2 gnd |a Geschichte 2001 |
| 689 | 0 | |5 (DE-627) | |
| 689 | 1 | 0 | |d b |0 (DE-588)4839206-6 |0 (DE-627)497288346 |0 (DE-576)217076181 |2 gnd |a Margherita |g Körperschaft |
| 689 | 1 | |5 (DE-627) | |
| 773 | 0 | 8 | |i In |t La civiltà cattolica |d Roma : [Verlag nicht ermittelbar], 1850 |g 152(2001), 3631, Seite 71-78 |w (DE-627)129068314 |w (DE-600)1536-2 |w (DE-576)014399830 |x 0009-8167 |7 nnas |
| 773 | 1 | 8 | |g volume:152 |g year:2001 |g number:3631 |g pages:71-78 |
| 935 | |a mteo | ||
| 951 | |a AR | ||
| ELC | |b 1 | ||
| ITA | |a 1 |t 1 | ||
| LOK | |0 000 xxxxxcx a22 zn 4500 | ||
| LOK | |0 001 3302665717 | ||
| LOK | |0 003 DE-627 | ||
| LOK | |0 004 1640669388 | ||
| LOK | |0 005 20160405123211 | ||
| LOK | |0 008 160404||||||||||||||||ger||||||| | ||
| LOK | |0 040 |a DE-Tue135 |c DE-627 |d DE-Tue135 | ||
| LOK | |0 092 |o n | ||
| LOK | |0 852 |a DE-Tue135 | ||
| LOK | |0 852 1 |9 00 | ||
| LOK | |0 935 |a ixzs |a ixmi | ||
| LOK | |0 936ln |0 1442053887 |a TK | ||
| LOK | |0 939 |a 04-04-16 |b l01 | ||
| ORI | |a SA-MARC-ixtheoa001.raw | ||
| REF | |a Parteiengeschichte,Parteigründung | ||
| REL | |a 1 | ||
| STA | 0 | 0 | |a Founding,Founding of,Party (law),Party,Political party,Southern Italy (motif),Italy,Italy,Italy,Italy,Lower Italy,Mezzogiorno,Southern Italy,Northwestern Italy |
| STB | 0 | 0 | |a Fondation,Fondation,Partie (droit),Parti politique,Sud de l'Italie (motif),Italie |
| STC | 0 | 0 | |a Fundación,Fundación,Italia,Parte (derecho),Partido |
| STD | 0 | 0 | |a Fondazione,Fondazione,Italia,Parte (diritto),Partito politico |
| STE | 0 | 0 | |a 创立,创办,建立,政党,党派 |
| STF | 0 | 0 | |a 創立,創辦,建立,当事人,政黨,黨派 |
| STG | 0 | 0 | |a Fundação,Fundação,Itália,Parte (direito),Partido |
| STH | 0 | 0 | |a Италия (мотив),Основание (мотив),Основание,Партия |
| STI | 0 | 0 | |a Ίδρυση <μοτίβο>,Ίδρυση,Θεμελίωση,Θεμελίωση (μοτίβο),Ιταλία (μοτίβο),Πολιτικό κόμμα |
| SUB | |a REL | ||
| SYG | 0 | 0 | |a Italy , Italia,Königreich Italien,Repubblica Italiana,Italiya Respublikasi,Italijos Respublika,Olaszorszaǵ,Olasz Koz̈taŕsasaǵ,Regno d'Italia,Italienische Republik,République Italienne,Yidali-gongheguo,Italy , Politische Partei,Parteien , Gründungsmotiv , Margarita,Margaret,Margherita |
| TIM | |a 100020010101_100020011231 |b Geschichte 2001 | ||



